Normal view
MARC view
Entry Personal Name
001 - CONTROL NUMBER
- control field: 25213
003 - CONTROL NUMBER IDENTIFIER
- control field: ARRUPE
005 - DATE AND TIME OF LATEST TRANSACTION
- control field: 20160818090503.0
008 - FIXED-LENGTH DATA ELEMENTS
- fixed length control field: 160818|| aca||aabn | a|a d
040 ## - CATALOGING SOURCE
- Original cataloging agency: ARRUPE
- Transcribing agency: ARRUPE
100 ## - HEADING--PERSONAL NAME
- Personal name: Grant, Robert McQueen
670 ## - SOURCE DATA FOUND
- Source citation: Work cat.: (ARRUPE)296: Grant, Robert McQueen, A Short history of the interpretation of the Bible